000 00522nmm a2200169Ia 4500
008 251105s9999||||xx |||||||||||||||||und||
020 _a9788437089836
041 _aspa
100 _aCampillo Iborra, Neus
245 0 _aHannah Arendt: lo filosófico y lo político
264 _a[Madrid, España] :
_bPublicaciones de la Universidad de Valencia (PUV),
_c2013
300 _a296 páginas
490 _aPrismas
650 _aPhilosophy, Ethics
856 _uhttps://public.digitaliapublishing.com/a/34948
942 _cCF
999 _c82587
_d82587